Change Fractions into Decimals - Statistics

General Stats
  • This quiz has been taken 17 times
  • The average score is 10 of 15
Answer Stats
Fraction Answer % Correct
3/8 0.375
100%
1/6 0.166
85%
7/5 1.400
77%
10/3 3.333
77%
9/2 4.500
77%
8/11 0.727
62%
16/9 1.777
62%
13/4 3.250
62%
2/13 0.153
54%
4/17 0.235
54%
4/15 0.266
54%
5/7 0.714
54%
11/12 0.916
54%
17/16 1.062
54%
19/14 1.350
31%
No matching quizzes found
Score Distribution
Percent of People with Each Score
Percentile by Number Answered
Your Score History
You have not taken this quiz